Escape From Childhood: The Needs and Rights of Children /

El autor discute que los niños, con el pretexto de que están protegidos, son humillados y degradados por la sociedad; y que no se les permite ser juez de lo más conveniente para ellos.

Gardado en:
Detalles Bibliográficos
Autor Principal: Holt, John (autor)
Formato: Libro
Idioma:inglés
Publicado: Bucks, Inglaterra : Penguin, 1975
Temas:
Etiquetas: Engadir etiqueta
Sen Etiquetas, Sexa o primeiro en etiquetar este rexistro!

MARC

LEADER 00000nam^a2200000^a^4500
001 000022646
005 20250521000000.0
009 20260310084505.707
037 |a Acervo ITESO - Biblioteca 
041 |a ING 
082 |a 305. 23  |b HOL 
100 |a Holt, John  |e (autor) 
245 1 0 |a Escape From Childhood: The Needs and Rights of Children /  |c J. Holt. 
264 1 |a Bucks, Inglaterra :  |b Penguin,  |c 1975 
300 |a 217 p. 
336 |a texto  |b txt  |2 rdacontenido 
337 |a sin mediación  |b n  |2 rdamedio 
338 |a volumen  |b nc  |2 rdasoporte 
520 |a El autor discute que los niños, con el pretexto de que están protegidos, son humillados y degradados por la sociedad; y que no se les permite ser juez de lo más conveniente para ellos. 
649 |a XX 
650 |a Sociología 
650 |a Niños 
910 |a Fondo General 
920 |a Impresos - Libros 
930 |a Colección General 
905 |a 101 
901 |a 0226460100  |b IT1  |c ACC  |i 022646  |u 20250521 
902 |a https://opac.biblio.iteso.mx/vufind/Record/000022646